[Event "Washington Open--Open Section"]
[Site "Lynnwood, WA"]
[Date "2017.05.27"]
[Round "2"]
[White "Bragg  (WA), David"]
[Black "Deng  (WA), Samuel"]
[Result "1-0"]
[WhiteElo "2200"]
[BlackElo "1909"]
[PlyCount "67"]
[EventDate "2017.06.02"]
[SourceDate "2017.06.17"]
[SourceVersionDate "2017.06.17"]

1. d4 Nf6 2. c4 e6 3. g3 d5 4. Bg2 Bb4+ 5. Bd2 Be7 6. cxd5 exd5 7. Nh3 c6 8.
O-O Bf5 9. f3 O-O 10. Nf2 Bg6 11. Bc3 c5 12. e3 Nc6 13. a4 Re8 14. Re1 Bf8 15.
Bf1 Rc8 16. Nd3 Nd7 17. Nf4 cxd4 18. exd4 Qg5 19. Kf2 Nb4 20. Na3 Rxe1 21. Qxe1
Nc2 22. Nxc2 Bxc2 23. h4 Qh6 24. Nxd5 Qd6 25. Ne3 Bb3 26. Nf5 Qg6 27. Bd3 Qf6
28. Qe4 g6 29. Qxb7 Nb6 30. Ne3 Qc6 31. Qxc6 Rxc6 32. h5 Nd5 33. Be4 Nxe3 34.
Bxc6 1-0

[Event "Washington Open--Open Section"]
[Site "Lynnwood, WA"]
[Date "2017.05.27"]
[Round "2"]
[White "Ackerman  (WA), Ryan"]
[Black "Pupols  (WA), Viktors"]
[Result "1/2-1/2"]
[WhiteElo "1949"]
[BlackElo "2200"]
[PlyCount "77"]
[EventDate "2017.06.02"]
[SourceDate "2017.06.17"]
[SourceVersionDate "2017.06.17"]

1. d4 Nf6 2. c4 e6 3. Nc3 d5 4. cxd5 Nxd5 5. e4 Nxc3 6. bxc3 c5 7. Nf3 cxd4 8.
cxd4 Bb4+ 9. Bd2 Bxd2+ 10. Qxd2 O-O 11. Bd3 Nd7 12. O-O Qe7 13. Rac1 e5 14.
Nxe5 Nxe5 15. dxe5 Qxe5 16. f4 Qd4+ 17. Kh1 Rd8 18. Qe2 Bg4 19. Qxg4 Qxd3 20.
e5 Qd7 21. f5 Qd4 22. Qg3 h5 23. f6 Qg4 24. Qb3 Rd2 25. Qxb7 Rad8 26. h3 Qe6
27. fxg7 Qxa2 28. Rc7 Rf2 29. Qb1 Qxb1 30. Rxb1 Re8 31. Rb5 Rf5 32. e6 Rf1+ 33.
Kh2 Rxe6 34. Rxa7 h4 35. Rg5 Rg6 36. Rxg6 fxg6 37. g4 hxg3+ 38. Kxg3 Rf7 39.
Rxf7 1/2-1/2

[Event "Washington Open--Reserve Section"]
[Site "Lynnwood, WA"]
[Date "2017.05.27"]
[Round "2"]
[White "Subramanian  (WA), Nithya"]
[Black "Zhang  (WA), Kyle"]
[Result "1/2-1/2"]
[WhiteElo "1063"]
[BlackElo "1412"]
[PlyCount "67"]
[EventDate "2017.06.02"]
[SourceDate "2017.06.17"]
[SourceVersionDate "2017.06.17"]

1. d4 d5 2. c4 c6 3. Nc3 Nf6 4. Bg5 e6 5. e3 Nbd7 6. Nf3 Be7 7. h3 O-O 8. Bd3
dxc4 9. Bxc4 b5 10. Bd3 Bb7 11. O-O Rc8 12. Qc2 Qb6 13. a3 c5 14. Bxb5 Rfd8 15.
Be2 Bxf3 16. Bxf3 cxd4 17. exd4 Qxd4 18. Be3 Qc4 19. Bxa7 Rc7 20. Be3 Nd5 21.
Bxd5 exd5 22. Rfd1 Bf6 23. Qd3 Qxd3 24. Rxd3 d4 25. Bxd4 Nc5 26. Be5 Rxd3 27.
Bxc7 Rd2 28. a4 Rxb2 29. Ra3 Bxc3 30. Rxc3 Nxa4 31. Rd3 f6 32. Rd8+ Kf7 33.
Rd7+ Kg6 34. Rd3 1/2-1/2

[Event "Washington Open--Open Section"]
[Site "Lynnwood, WA"]
[Date "2017.05.27"]
[Round "2"]
[White "Arganian  (WA), David"]
[Black "Velea  (WA), Sophie"]
[Result "1/2-1/2"]
[WhiteElo "2012"]
[BlackElo "1563"]
[PlyCount "66"]
[EventDate "2017.06.02"]
[SourceDate "2017.06.17"]
[SourceVersionDate "2017.06.17"]

1. e4 c5 2. Nf3 d6 3. d4 cxd4 4. Nxd4 Nf6 5. Nc3 g6 6. f4 Nbd7 7. Be3 Bg7 8.
Be2 O-O 9. Nb3 b6 10. O-O Bb7 11. Bf3 Rb8 12. Qe2 a6 13. a4 Qc7 14. Qf2 Rfc8
15. g4 Nc5 16. Nxc5 bxc5 17. g5 Nd7 18. f5 Rf8 19. f6 exf6 20. gxf6 Bxf6 21.
Be2 Bg7 22. Qh4 Bc6 23. Bxa6 Rxb2 24. Bc4 Bxc3 25. Rxf7 Rxf7 26. Bxf7+ Kxf7 27.
Qxh7+ Ke6 28. Rf1 Bf6 29. Qg8+ Ke7 30. Qh7+ Ke6 31. Qg8+ Ke7 32. Qh7+ Ke6 33.
Qg8+ Ke7 1/2-1/2

[Event "Washington Open--Open Section"]
[Site "Lynnwood, WA"]
[Date "2017.05.27"]
[Round "2"]
[White "Bashkansky  (WA), Naomi"]
[Black "Sang  (WA), Tian"]
[Result "0-1"]
[WhiteElo "2050"]
[BlackElo "2363"]
[PlyCount "68"]
[EventDate "2017.06.02"]
[SourceDate "2017.06.17"]
[SourceVersionDate "2017.06.17"]

1. d4 f5 2. Nc3 Nf6 3. Bg5 d5 4. Bxf6 exf6 5. e3 Be6 6. Bd3 Nc6 7. a3 Qd7 8.
Nge2 g5 9. Na4 b6 10. b3 Na5 11. Nb2 Nb7 12. c4 c6 13. Ng3 O-O-O 14. cxd5 cxd5
15. Nxf5 Kb8 16. Ng3 Bd6 17. b4 f5 18. Qd2 f4 19. Ne2 fxe3 20. Qxe3 Rde8 21.
O-O Qg7 22. Qd2 Rhf8 23. Bb5 Qh6 24. Ng3 Rc8 25. a4 Qh4 26. a5 Rf6 27. axb6 Rh6
28. bxa7+ Ka8 29. h3 Bxh3 30. Rfc1 Rxc1+ 31. Qxc1 Bg4 32. f3 Qxg3 33. fxg4 Rh1+
34. Kxh1 Qh2# 0-1

[Event "Washington Open--Reserve Section"]
[Site "Lynnwood, WA"]
[Date "2017.05.27"]
[Round "2"]
[White "Jiang  (WA), Andrew"]
[Black "Shea  (WA), Adam"]
[Result "1-0"]
[WhiteElo "1386"]
[BlackElo "1076"]
[PlyCount "63"]
[EventDate "2017.06.02"]
[SourceDate "2017.06.17"]
[SourceVersionDate "2017.06.17"]

1. e4 d5 2. exd5 Qxd5 3. Nc3 Qa5 4. d4 Nf6 5. Bd2 c6 6. Nf3 Bf5 7. Be2 e6 8.
O-O Bb4 9. a3 Bxc3 10. Bxc3 Qc7 11. Re1 Nbd7 12. Bc4 O-O 13. h3 Nd5 14. Bxd5
exd5 15. Re7 Rae8 16. Qe2 Be6 17. Rxe8 Rxe8 18. Re1 Nf6 19. Qd1 Qb8 20. Ne5 Qc8
21. f4 Bf5 22. g4 Be4 23. Qe2 h6 24. Qf2 Nh7 25. f5 Ng5 26. Re3 f6 27. Ng6 Qd7
28. h4 Nh7 29. Bb4 b6 30. Rb3 a5 31. Bc3 Qb7 32. Bxa5 1-0

[Event "Washington Open--Open Section"]
[Site "Lynnwood, WA"]
[Date "2017.05.27"]
[Round "2"]
[White "Zhang  (WA), Zachary"]
[Black "Roring  (OR), Tres"]
[Result "0-1"]
[WhiteElo "1821"]
[BlackElo "2076"]
[PlyCount "76"]
[EventDate "2017.06.02"]
[SourceDate "2017.06.18"]
[SourceVersionDate "2017.06.18"]

1. d4 d5 2. Nf3 Nf6 3. e3 c5 4. b3 e6 5. Bd3 b6 6. O-O Be7 7. Bb2 O-O 8. Nbd2
Bb7 9. Ne5 Nbd7 10. f4 Ne4 11. Nxe4 dxe4 12. Bc4 Nxe5 13. dxe5 Qxd1 14. Raxd1
Rad8 15. Be2 Rxd1 16. Rxd1 Rd8 17. Rxd8+ Bxd8 18. Bc3 f5 19. exf6 gxf6 20. Bc4
Kf7 21. g4 Bd5 22. Bxd5 exd5 23. h4 f5 24. g5 Kg6 25. Kf2 Kh5 26. Kg3 b5 27. a4
a6 28. axb5 axb5 29. Bd2 d4 30. c3 dxc3 31. Bxc3 c4 32. bxc4 bxc4 33. Bd2 Bb6
34. Kh3 Bc5 35. Kg3 Ba3 36. Be1 Bb2 37. Kf2 c3 38. Ke2 c2 0-1

[Event "Washington Open--Open Section"]
[Site "Lynnwood, WA"]
[Date "2017.05.27"]
[Round "2"]
[White "Cigan  (OR), Jason"]
[Black "Helff  (WA), Florian"]
[Result "1-0"]
[WhiteElo "2220"]
[BlackElo "1733"]
[PlyCount "65"]
[EventDate "2017.06.02"]
[SourceDate "2017.06.18"]
[SourceVersionDate "2017.06.18"]

1. e4 d6 2. d4 Nf6 3. Nc3 Nbd7 4. Nf3 e5 5. Bc4 Be7 6. a4 a5 7. O-O h6 8. Re1
c6 9. Bb3 Qc7 10. Qe2 Nf8 11. dxe5 dxe5 12. Nh4 g6 13. Nf3 Bg4 14. h3 Bd7 15.
Be3 g5 16. Nh2 Ng6 17. f3 Nf4 18. Qf2 Bd8 19. Kh1 h5 20. Ne2 Rg8 21. Ng3 Qc8
22. Nhf1 Bc7 23. Rad1 g4 24. Bxf4 exf4 25. Nf5 gxf3 26. gxf3 b6 27. Qd4 Rg6 28.
e5 Bxf5 29. exf6+ Be6 30. Bxe6 fxe6 31. Qe4 Kf7 32. Qxc6 Ra7 33. Rd7+ 1-0

[Event "Washington Open--Booster Section"]
[Site "Lynnwood, WA"]
[Date "2017.05.27"]
[Round "2"]
[White "Brokaw  (WA), Benjamin"]
[Black "Valeriote  (WA), Cecelia"]
[Result "1-0"]
[WhiteElo "1203"]
[BlackElo "959"]
[Annotator "Murlin"]
[PlyCount "93"]
[EventDate "2017.06.02"]
[SourceDate "2017.06.18"]
[SourceVersionDate "2017.06.18"]

1. e4 e6 2. d4 d5 3. e5 c5 4. c3 Nc6 5. Nf3 Qb6 6. g3 Bd7 7. Bg2 Rc8 8. O-O f6
9. Re1 cxd4 10. cxd4 Nge7 11. Nc3 Ng6 12. exf6 gxf6 13. Nxd5 Qd8 14. Nf4 e5 15.
Nxg6 hxg6 16. dxe5 fxe5 17. Nxe5 Nxe5 18. Rxe5+ Be7 19. Bg5 Rh7 20. Qd3 Rg7 21.
Qd2 (21. Bxe7 Rxe7 22. Qxg6+ {and mate in six.}) 21... b6 22. Rxe7+ Rxe7 23.
Bxe7 Qxe7 24. Re1 Be6 25. Bh3 Rc6 26. Qd3 Kf7 27. Bxe6+ Rxe6 28. Rxe6 Qxe6 29.
Qb3 Qxb3 30. axb3 Kf6 31. f4 Kf5 32. Kf2 Ke4 33. h4 a5 34. Ke2 b5 35. g4 Kxf4
36. h5 Kg5 37. hxg6 Kxg6 38. Kd3 Kg5 39. Kd4 Kxg4 40. Kc5 Kf5 41. Kxb5 Ke6 42.
Kxa5 Kd6 43. Kb6 Kd5 44. b4 Kc4 45. b5 Kb4 46. Kc6 Kc4 47. b6 1-0

[Event "Washington Open--Reserve Section"]
[Site "Lynnwood, WA"]
[Date "2017.05.27"]
[Round "2"]
[White "Smith  (WA), Catherine"]
[Black "Mayer  (WA), Jacob"]
[Result "0-1"]
[WhiteElo "1508"]
[BlackElo "1751"]
[PlyCount "98"]
[EventDate "2017.06.02"]
[SourceDate "2017.06.18"]
[SourceVersionDate "2017.06.18"]

1. e4 c5 2. Nf3 e6 3. Nc3 a6 4. Be2 Nc6 5. d3 Qc7 6. h3 Nf6 7. Bg5 Be7 8. O-O
h6 9. Bh4 g5 10. Bg3 d6 11. Nh2 Nd4 12. Ng4 Nxe2+ 13. Qxe2 Nxg4 14. Qxg4 e5 15.
Qh5 Be6 16. Nd5 Bxd5 17. exd5 Bf6 18. Rfe1 O-O-O 19. Qg4+ Qd7 20. Qf3 Bg7 21.
c4 f5 22. Rab1 h5 23. b4 g4 24. Qe2 f4 25. Bh2 Rdf8 26. bxc5 dxc5 27. Rb6 Rf6
28. Qb2 Qc7 29. Rxf6 Bxf6 30. Bxf4 gxh3 31. g3 Re8 32. d4 cxd4 33. Qxd4 Re7 34.
Qd3 exf4 35. Qf5+ Qd7 36. Qxd7+ Kxd7 37. Rb1 fxg3 38. fxg3 b6 39. Kh2 Bd4 40.
Rd1 Bc5 41. Rd2 Re4 42. Rc2 Kd6 43. Kxh3 Ke5 44. Kg2 Kd4 45. Kf3 Re3+ 46. Kg2
Bd6 47. Rb2 Kc5 48. g4 hxg4 49. Rf2 Rg3+ 0-1

[Event "Washington Open--Open Section"]
[Site "Lynnwood, WA"]
[Date "2017.05.27"]
[Round "2"]
[White "Chen  (WA), Brian"]
[Black "Madsen  (DEN), Jens"]
[Result "0-1"]
[WhiteElo "1766"]
[BlackElo "2054"]
[PlyCount "82"]
[EventDate "2017.06.02"]
[SourceDate "2017.06.18"]
[SourceVersionDate "2017.06.18"]

1. e4 e5 2. Nf3 Nc6 3. Bc4 Nf6 4. d3 Bc5 5. c3 d6 6. Bb3 Bg4 7. Nbd2 Qd7 8. h3
Bh5 9. Nf1 O-O-O 10. Ng3 Bg6 11. Bc4 Nh5 12. b4 Bb6 13. Bb3 Nxg3 14. fxg3 Ne7
15. a4 c6 16. Rf1 f6 17. Nh4 Rhg8 18. g4 d5 19. Nf5 Nxf5 20. gxf5 Bf7 21. a5
Bc7 22. Be3 Kb8 23. Ke2 dxe4 24. dxe4 Qxd1+ 25. Bxd1 Bc4+ 26. Kf2 Bxf1 27. Kxf1
Rd3 28. Ke2 Rgd8 29. Rc1 g6 30. Bb3 gxf5 31. exf5 b6 32. axb6 Bxb6 33. Bxb6
axb6 34. Rd1 Rxd1 35. Bxd1 Kc7 36. g4 Ra8 37. h4 Ra2+ 38. Ke3 Kd6 39. g5 fxg5
40. f6 gxh4 41. Bg4 Rc2 0-1

[Event "Washington Open--Open Section"]
[Site "Lynnwood, WA"]
[Date "2017.05.27"]
[Round "1"]
[White "Sang  (WA), Tian"]
[Black "Xuan  (WA), Owen"]
[Result "1-0"]
[WhiteElo "2363"]
[BlackElo "1924"]
[Annotator "Murlin"]
[PlyCount "93"]
[EventDate "2017.06.02"]
[SourceDate "2017.06.18"]
[SourceVersionDate "2017.06.18"]

1. e4 c5 2. Nf3 d6 3. c3 Nf6 4. Bd3 Nc6 5. Bc2 Bg4 6. h3 Bh5 7. d3 e5 8. Nbd2
Be7 9. Nf1 Rc8 10. Ng3 Bxf3 11. Qxf3 b5 12. O-O b4 13. Qe2 O-O 14. f3 d5 15.
Bg5 Nxe4 16. dxe4 Bxg5 17. exd5 Nb8 18. Ne4 Nd7 19. Rae1 Bf6 20. c4 Qe7 21. Ba4
Nb6 22. Bc6 a6 23. b3 Kh8 24. Qe3 Nd7 25. Bxd7 Qxd7 26. Nxc5 Qa7 27. Ne4 Qxe3+
28. Rxe3 Rfd8 29. Rd1 Be7 30. Kf1 f6 31. d6 Kg8 32. Red3 Bf8 33. Rd5 Rc6 34.
Ke2 Kf7 35. g4 Rd7 36. g5 Rd8 37. h4 Rd7 38. h5 Rb6 39. g6+ hxg6 40. hxg6+ Ke8
41. Rh1 Rc6 42. Rh8 Rb6 43. Nc5 Rdxd6 44. Rxd6 Rxd6 45. Ne4 Ke7 46. Rxf8 Rc6
47. Rf7+ {The last 3-4 moves don't make much sense to me, they may have been
recorded wrong, or some may be missing. Another case where it would have been
nice to see the other scoresheet.} 1-0

[Event "Washington Open--Reserve Section"]
[Site "Lynnwood, WA"]
[Date "2017.05.27"]
[Round "2"]
[White "Orr  (WA), Michael"]
[Black "Merrikin  (WA), David"]
[Result "1-0"]
[WhiteElo "1613"]
[BlackElo "1468"]
[PlyCount "99"]
[EventDate "2017.06.02"]
[SourceDate "2017.06.19"]
[SourceVersionDate "2017.06.19"]

1. d4 Nf6 2. Nf3 e6 3. Bg5 h6 4. Bh4 b6 5. e3 Bb7 6. Bd3 d6 7. O-O Nbd7 8. Nbd2
c6 9. Ne4 g5 10. Bg3 Nxe4 11. Bxe4 Nf6 12. Bd3 Nh5 13. Nd2 Nxg3 14. fxg3 Qd7
15. Qh5 O-O-O 16. Rxf7 Be7 17. Raf1 Rdg8 18. Qf3 Kb8 19. Qe2 Qd8 20. Ba6 g4 21.
Bxb7 Kxb7 22. e4 h5 23. d5 cxd5 24. exd5 e5 25. Qb5 Rf8 26. Nc4 Ka8 27. Qc6+
Kb8 28. a4 Rxf7 29. Rxf7 Rf8 30. Rxf8 Bxf8 31. a5 bxa5 32. Qb5+ Ka8 33. Nxa5
Qb6+ 34. Qxb6 axb6 35. Nc4 Kb7 36. Kf2 b5 37. Nd2 Kb6 38. b4 Be7 39. h3 Kc7 40.
Ne4 Kd7 41. Ke2 h4 42. hxg4 hxg3 43. Nxg3 Bg5 44. Ne4 Bc1 45. g5 Ke7 46. g6 Ba3
47. c3 Bc1 48. g7 Kf7 49. Nxd6+ Kxg7 50. Nxb5 1-0

[Event "Washington Open--Reserve Section"]
[Site "Lynnwood, WA"]
[Date "2017.05.27"]
[Round "2"]
[White "Cicio  (WA), Daniel"]
[Black "Kaelin  (WA), Alex"]
[Result "1/2-1/2"]
[WhiteElo "1271"]
[BlackElo "1435"]
[PlyCount "113"]
[EventDate "2017.06.02"]
[SourceDate "2017.06.19"]
[SourceVersionDate "2017.06.19"]

1. c4 Nf6 2. Nc3 e6 3. Nf3 d5 4. d4 c6 5. Bg5 Be7 6. e3 O-O 7. Bd3 Nbd7 8. c5
Re8 9. O-O Nf8 10. b4 Ng6 11. Qc2 Nd7 12. Bxe7 Qxe7 13. Bxg6 hxg6 14. Ne5 Nxe5
15. dxe5 b6 16. Ne2 bxc5 17. Qxc5 Qxc5 18. bxc5 Ba6 19. Rfe1 Bxe2 20. Rxe2 Rab8
21. Ree1 Rb2 22. Kf1 Reb8 23. Rec1 Kf8 24. Rd1 R8b5 25. a4 Rxc5 26. Rdb1 Rcc2
27. Rxb2 Rxb2 28. Rc1 Rb6 29. a5 Ra6 30. Rc5 f6 31. f4 Kf7 32. g4 g5 33. Ke2
Kg6 34. Kf3 f5 35. h3 gxf4 36. exf4 fxg4+ 37. hxg4 Kh6 38. f5 exf5 39. gxf5 Kg5
40. e6 Kf6 41. Kf4 g6 42. fxg6 Kxe6 43. Kg5 d4 44. g7 Kf7 45. Kh6 Kg8 46. Rc1
c5+ 47. Kg5 Rxa5 48. Kf6 Ra6+ 49. Ke5 Ra5 50. Kd5 Kxg7 51. Kc4 Kf6 52. Re1 Ra3
53. Kxc5 Re3 54. Rd1 Ke5 55. Rxd4 Rc3+ 56. Rc4 Rd3 57. Kb5 1/2-1/2

[Event "Washington Open--Open Section"]
[Site "Lynnwood, WA"]
[Date "2017.05.27"]
[Round "2"]
[White "Huang  (CAN), Patrick"]
[Black "Zavortink  (WA), Matt"]
[Result "0-1"]
[WhiteElo "2030"]
[BlackElo "2229"]
[PlyCount "104"]
[EventDate "2017.06.02"]
[SourceDate "2017.06.19"]
[SourceVersionDate "2017.06.19"]

1. e4 e6 2. d4 d5 3. Bd3 c5 4. exd5 Qxd5 5. Nf3 cxd4 6. O-O Nc6 7. Re1 Nf6 8.
Bg5 Be7 9. Bxf6 Bxf6 10. Na3 Bd7 11. Qe2 O-O 12. Nb5 Rac8 13. Rad1 a6 14. Nbxd4
Nxd4 15. Nxd4 Bxd4 16. Be4 Qc5 17. Qd2 Bxf2+ 18. Qxf2 Qxf2+ 19. Kxf2 Rc7 20.
Rd2 f5 21. Bf3 Rfc8 22. c3 Kf7 23. Red1 Ke7 24. g3 e5 25. Bd5 Be8 26. Bb3 Bh5
27. Re1 e4 28. h3 Rd8 29. Rxd8 Kxd8 30. g4 fxg4 31. hxg4 Bxg4 32. Rxe4 h5 33.
Kg3 Re7 34. Rxe7 Kxe7 35. Bd5 b6 36. b4 g5 37. Bb7 Be2 38. Bd5 Kd6 39. Bb7 Ke5
40. Kf2 Bg4 41. c4 Kd4 42. a3 h4 43. Bd5 Bd1 44. Bb7 Kxc4 45. Bxa6+ Kb3 46. Bf1
Kxa3 47. b5 Kb4 48. Ke3 Ba4 49. Kf3 Bxb5 50. Bh3 Bc6+ 51. Ke3 Kc3 52. Be6 b5
0-1

[Event "Washington Open--Open Section"]
[Site "Lynnwood, WA"]
[Date "2017.05.27"]
[Round "2"]
[White "Seitzer  (OR), Phillip"]
[Black "Levine  (WA), Joseph"]
[Result "1/2-1/2"]
[WhiteElo "2058"]
[BlackElo "1830"]
[Annotator "Murlin"]
[PlyCount "95"]
[EventDate "2017.06.02"]
[SourceDate "2017.06.20"]
[SourceVersionDate "2017.06.20"]

1. e4 e6 2. d4 d5 3. Nd2 Nf6 4. e5 Nfd7 5. Bd3 c5 6. c3 Nc6 7. Ne2 Qb6 8. Nf3
cxd4 9. cxd4 f6 10. exf6 Nxf6 11. O-O Bd6 12. Bf4 Bxf4 13. Nxf4 O-O 14. Rb1 Nb4
15. a3 Nxd3 16. Qxd3 Bd7 17. Rfe1 Ne4 18. Qe3 Qd6 19. Ne5 Rf5 20. f3 Raf8 21.
Nfd3 Ng5 22. h4 Nf7 23. Nxd7 Qxd7 24. Qxe6 Qxe6 25. Rxe6 Nd8 26. Re7 R5f7 27.
Rbe1 Nc6 28. Rxf7 Rxf7 29. Re8+ Rf8 30. Rxf8+ Kxf8 31. Nb4 Nxd4 32. Nxd5 Kf7
33. Kf2 Ke6 34. Nc3 b5 35. g4 a6 36. Ke3 Nc6 37. f4 h5 38. Kf3 hxg4+ 39. Kxg4
g6 40. Kg5 Ne7 41. b4 Kf7 42. Ne4 Nd5 43. Nc5 Nc7 44. f5 gxf5 45. Kxf5 Nd5 46.
Ke5 Ne3 47. Nxa6 Nc4+ 48. Kd5 {The remaining moves are not very legible, and
it appears that some may be missing.} 1/2-1/2

[Event "Washington Open--Open Section"]
[Site "Lynnwood, WA"]
[Date "2017.05.27"]
[Round "2"]
[White "Kuhner  (WA), Mary"]
[Black "Zhang  (WA), Derek"]
[Result "1-0"]
[WhiteElo "1910"]
[BlackElo "2210"]
[PlyCount "126"]
[EventDate "2017.06.02"]
[SourceDate "2017.06.20"]
[SourceVersionDate "2017.06.20"]

1. e4 e6 2. d4 d5 3. Nc3 Bb4 4. e5 c5 5. a3 Bxc3+ 6. bxc3 Qa5 7. Qd2 Ne7 8. Nf3
Nbc6 9. a4 c4 10. Be2 O-O 11. O-O f6 12. Ba3 Rf7 13. exf6 gxf6 14. Nh4 Bd7 15.
f4 Rd8 16. Nf3 Rg7 17. g3 Nf5 18. Rfe1 Nce7 19. Bf1 Nh6 20. Bh3 Nef5 21. Bb4
Qc7 22. Kh1 Re8 23. Rg1 Ng4 24. Bxg4 Rxg4 25. Nh4 Nd6 26. Bxd6 Qxd6 27. Nf3 Re7
28. Qf2 a6 29. Nh4 Rgg7 30. a5 Rgf7 31. Qd2 e5 32. fxe5 fxe5 33. Rgf1 e4 34.
Rxf7 Rxf7 35. Ng2 Rf3 36. Qg5+ Kf8 37. Nh4 Rf7 38. Qd8+ Kg7 39. Rb1 Qh6 40. Ng2
e3 41. Nf4 Bg4 42. Qxd5 e2 43. Qe5+ Qf6 44. Qxf6+ Kxf6 45. Kg2 Kg7 46. h3 Bf5
47. Nxe2 Bxc2 48. Rf1 Be4+ 49. Kg1 Rxf1+ 50. Kxf1 Kf6 51. Kf2 Bf5 52. g4 Be6
53. Kg3 Bf7 54. h4 h5 55. Kf4 hxg4 56. Ng3 Bd5 57. Kxg4 Bc6 58. Nh5+ Kg6 59.
Ng3 b5 60. h5+ Kf6 61. Kf4 Bg2 62. Ne4+ Kg7 63. Nc5 Kh6 1-0

[Event "Washington Open--Open Section"]
[Site "Lynnwood, WA"]
[Date "2017.05.27"]
[Round "2"]
[White "Zhang  (WA), Brendan"]
[Black "Casey  (WA), Garrett"]
[Result "1-0"]
[WhiteElo "2042"]
[BlackElo "1856"]
[PlyCount "121"]
[EventDate "2017.06.02"]
[SourceDate "2017.06.20"]
[SourceVersionDate "2017.06.20"]

1. c4 Nf6 2. Nc3 g6 3. d4 Bg7 4. Nf3 O-O 5. e4 d6 6. Be2 e5 7. Be3 Ng4 8. Bg5
f6 9. Bh4 Nc6 10. d5 Ne7 11. Nd2 Nh6 12. f3 g5 13. Bf2 f5 14. b4 Ng6 15. Rc1
Nf4 16. Bf1 g4 17. g3 Ng6 18. Be2 gxf3 19. Bxf3 f4 20. c5 Qf6 21. Qe2 fxg3 22.
hxg3 Bg4 23. Bxg4 Nxg4 24. Be3 Nxe3 25. Qxe3 a6 26. Na4 Nh8 27. cxd6 cxd6 28.
Nb6 Rad8 29. Ke2 Nf7 30. Rc7 Bh6 31. Rxf7 Bxe3 32. Rxf6 Bxb6 33. Rhh6 Rxf6 34.
Rxf6 Kg7 35. Re6 Kf7 36. Nc4 Bc7 37. Ne3 Rg8 38. Nf5 Kf8 39. Rf6+ Ke8 40. Nxd6+
Bxd6 41. Rxd6 Rxg3 42. a4 Rg6 43. Rxg6 hxg6 44. Kf3 b5 45. a5 Kf7 46. Kg3 Kf6
47. Kg4 Kf7 48. Kg5 Kg7 49. d6 Kf7 50. d7 Ke7 51. Kxg6 Kxd7 52. Kf6 Kc7 53.
Kxe5 Kc6 54. Ke6 Kc7 55. e5 Kc6 56. Kf7 Kd5 57. e6 Kc4 58. e7 Kxb4 59. e8=Q
Kxa5 60. Qc8 b4 61. Qc4 1-0

[Event "Washington Open--Reserve Section"]
[Site "Lynnwood, WA"]
[Date "2017.05.27"]
[Round "2"]
[White "Feldman  (OR), Neena"]
[Black "Cross  (WA), Jason"]
[Result "0-1"]
[WhiteElo "1242"]
[BlackElo "1658"]
[PlyCount "138"]
[EventDate "2017.06.02"]
[SourceDate "2017.06.20"]
[SourceVersionDate "2017.06.20"]

1. d4 Nf6 2. Nf3 g6 3. Bg5 Bg7 4. Nbd2 c5 5. c3 cxd4 6. cxd4 Qa5 7. e3 Ne4 8.
Qc2 Nd6 9. Bf4 O-O 10. Be5 Nc6 11. Bxg7 Kxg7 12. a3 Ne8 13. Bd3 Nb4 14. Qc3
Nxd3+ 15. Qxd3 b6 16. Qe4 Rb8 17. Qxe7 Nf6 18. O-O Ba6 19. Rfc1 Rfe8 20. Qd6
Rb7 21. Qf4 Qd5 22. b4 d6 23. a4 Rbe7 24. b5 Bb7 25. Qg5 Qe6 26. a5 h6 27. Qh4
g5 28. Nxg5 hxg5 29. Qxg5+ Kh8 30. axb6 Nh7 31. Qh4 Rg8 32. f3 Qxe3+ 33. Qf2
axb6 34. Qxe3 Rxe3 35. Ra7 Bxf3 36. Nxf3 Rxf3 37. Rac7 Rf5 38. R7c6 Rxb5 39.
Rxd6 Kg7 40. Rc3 Rb1+ 41. Kf2 Rb2+ 42. Kf1 Nf8 43. Rg3+ Ng6 44. h4 Rh8 45. Rh3
Rh5 46. g4 Ra5 47. Re3 Nxh4 48. Re2 Rb1+ 49. Kf2 Raa1 50. Ke3 Ng6 51. Rc6 Ne7
52. Rd6 b5 53. Rd7 Ng6 54. Rb7 Ra6 55. Rd2 Re6+ 56. Kf2 Rd6 57. Ke3 b4 58. Rb5
Ne7 59. Kd3 Nc6 60. Kc2 Rg1 61. Rg5+ Kf6 62. Rg8 Nxd4+ 63. Kb2 Nb5 64. Rf2+ Ke7
65. Rg7 Rf6 66. Re2+ Kf8 67. Rg5 Nd4 68. Re3 Rf2+ 69. Re2 Rxe2# 0-1

[Event "Washington Open--Open Section "]
[Site "Lynnwood, WA"]
[Date "2017.05.28"]
[Round "3"]
[White "Sinanan  (WA), Joshua "]
[Black "Kuhner. (WA), Mary "]
[Result "1-0"]
[WhiteElo "2261"]
[BlackElo "1910"]
[PlyCount "51"]
[EventDate "2017.06.02"]
[SourceDate "2017.06.22"]
[SourceVersionDate "2017.06.22"]

1. Nf3 e6 2. g3 d5 3. Bg2 Bd6 4. d3 Nd7 5. Nbd2 e5 6. O-O Ne7 7. e4 d4 8. Nc4
O-O 9. c3 dxc3 10. bxc3 f6 11. Nfd2 Nb6 12. a4 Nxc4 13. Nxc4 Bc5 14. Be3 Bxe3
15. Nxe3 c5 16. Qb3+ Kh8 17. Rfd1 Nc6 18. Qb5 Qa5 19. Ra3 a6 20. Qxa5 Nxa5 21.
d4 cxd4 22. cxd4 exd4 23. Rxd4 Be6 24. Rd6 Rfe8 25. Rc3 Rac8 26. Rxe6 1-0

[Event "Washington Open--Open Section"]
[Site "Lynnwood, WA"]
[Date "2017.05.28"]
[Round "3"]
[White "Moore  (OR), Michael"]
[Black "Tien  (WA), Sophie"]
[Result "1-0"]
[WhiteElo "1698"]
[BlackElo "1704"]
[PlyCount "43"]
[EventDate "2017.06.02"]
[SourceDate "2017.06.22"]
[SourceVersionDate "2017.06.22"]

1. e4 e5 2. Nf3 Nc6 3. Bb5 a6 4. Ba4 Nf6 5. d3 b5 6. Bb3 Be7 7. O-O O-O 8. a4
b4 9. Qe2 d6 10. Nbd2 Be6 11. Nc4 Nb8 12. d4 exd4 13. Nxd4 d5 14. Nxe6 fxe6 15.
exd5 exd5 16. Re1 Bc5 17. Qe6+ Kh8 18. Ne5 Qe7 19. Ng6+ hxg6 20. Qh3+ Nh5 21.
Rxe7 Bxe7 22. g4 1-0

[Event "Washington Open--Reserve Section"]
[Site "Lynnwood, WA"]
[Date "2017.05.28"]
[Round "3"]
[White "Mayer  (WA), Jacob"]
[Black "Qian  (WA), Daniel"]
[Result "1-0"]
[WhiteElo "1751"]
[BlackElo "1618"]
[PlyCount "51"]
[EventDate "2017.06.02"]
[SourceDate "2017.06.22"]
[SourceVersionDate "2017.06.22"]

1. e4 e5 2. Nf3 Nc6 3. Bc4 Bc5 4. c3 Nf6 5. d3 a6 6. O-O d6 7. b4 Ba7 8. h3 h6
9. Qe2 Be6 10. Bxe6 fxe6 11. a4 Ne7 12. d4 exd4 13. cxd4 O-O 14. Rd1 Qc8 15.
Nc3 Re8 16. Be3 d5 17. e5 Nh7 18. Nh4 Rf8 19. Qg4 g5 20. f4 Nf5 21. Nxf5 Rxf5
22. h4 Qd8 23. Re1 Qf8 24. hxg5 hxg5 25. fxg5 c6 26. g6 1-0

[Event "Washington Open--Open Section"]
[Site "Lynnwood, WA"]
[Date "2017.05.28"]
[Round "3"]
[White "Ackerman  (WA), Ryan"]
[Black "Seitzer  (OR), Phillip"]
[Result "0-1"]
[WhiteElo "1949"]
[BlackElo "2058"]
[PlyCount "52"]
[EventDate "2017.06.02"]
[SourceDate "2017.06.22"]
[SourceVersionDate "2017.06.22"]

1. d4 d5 2. c4 c6 3. Nf3 Nf6 4. Nc3 dxc4 5. a4 Bf5 6. Ne5 Na6 7. e3 Nb4 8. Bxc4
e6 9. O-O Bd6 10. Qe2 h6 11. e4 Bh7 12. Re1 Qc7 13. Bf4 a5 14. Rac1 O-O 15. Bb3
Qe7 16. f3 Rac8 17. Qd2 Rfd8 18. Nc4 Bc7 19. Bxc7 Qxc7 20. e5 Ne8 21. Ne4 Bxe4
22. fxe4 c5 23. d5 exd5 24. exd5 Rxd5 25. Qe3 Rcd8 26. Qf3 Rd3 0-1